Highest Grossing Films - Statistics

General Stats
  • This quiz has been taken 32 times
    6 since last reset
  • The average score is 8 of 20
Answer Stats
Position Movie % Correct
1 Avatar
100%
2 Avengers: Endgame
100%
8 The Avengers
100%
3 Titanic
100%
11 Avengers: Age of Ultron
60%
5 Avengers: Infinity War
60%
16 Frozen
60%
6 Jurassic World
60%
13 Harry Potter and the Deathly Hallows – Part 2
40%
12 Black Panther
20%
10 Frozen II
20%
9 Furious 7
20%
20 Iron Man 3
20%
4 Star Wars: The Force Awakens
20%
14 Star Wars: The Last Jedi
20%
7 The Lion King
20%
17 Beauty and the Beast
0%
18 Incredibles 2
0%
15 Jurassic World: Fallen Kingdom
0%
19 The Fate of the Furious
0%
No matching quizzes found
Score Distribution
Percent of People with Each Score
Percentile by Number Answered
Your Score History
You have not taken this quiz since the last reset